00430nam a2200157Ia 45000010006000000050017000060080041000230410008000640820015000721000032000872450100001192600009002193000028002286500008002566540008002641085220260306161902.0260306t2007||||xx |||||||||||||| ||spa|| aESP a974.6bL25 aLara Cisneros, GerardoeAUT 0aEl Cristo viejo de Xichú:bresistencia y rebelión en la Sierra Gorda durante el siglo XVIII c2007 a245 páginas :c21 cm. aGEN aCHU